| 000 | 01781nam a2200373 i 4500 | ||
|---|---|---|---|
| 003 | EG-ScBUE | ||
| 005 | 20240104100106.0 | ||
| 008 | 170719s2013 ua ab f be 000 0 ara d | ||
| 017 | _a2013 / 3722 | ||
| 020 | _a9789777182195 | ||
| 040 |
_aEG-ScBUE _bara _erda _cEG-ScBUE _dEG-ScBUE |
||
| 043 |
_af-ua--- _aawba--- _aawgz--- |
||
| 082 | 0 | 4 |
_a956.94 _bم و س _222 |
| 245 | 0 | 0 |
_aموسوعة مصر والقضية الفلسطينية : _bحرب 1948 / _cتحرير عادل حسن غنيم. |
| 250 | _aالطبعة الأولى. | ||
| 264 | 1 |
_aالقاهرة : _bالمجلس الأعلى للثقافة، _c2013. |
|
| 300 |
_a2 مجلد : _bإيضاحيات، خرائط ؛ _c24 سم. |
||
| 336 |
_2rdacontent _aنص _btxt |
||
| 337 |
_aبدون وسيط _2rdamedia _bn |
||
| 338 |
_aمجلد _bnc _2rdacarrier |
||
| 490 | 0 |
_aالمجلس الأعلى للثقافة. _aلجنة توثيق تاريخ مصر والقضية الفلسطينية |
|
| 490 | 0 |
_aالمجلس الأعلى للثقافة. _aلجنة تاريخ |
|
| 504 | _aيشتمل على إرجاعات ببليوجرافية. | ||
| 590 | _aWessam | ||
| 650 | 7 |
_aالنزاع العربي الإسرائيلي _vدوائر معارف. _2BUEsh |
|
| 650 | 7 |
_aالقضية الفلسطينية _vدوائر معارف. _2BUEsh _98530 |
|
| 651 | 7 |
_aمصر _xعلاقات خارجية _zفلسطين _yقرن 20 _vدوائر معارف. _2BUEsh |
|
| 651 | 7 |
_aفلسطين _xعلاقات خارجية _zفلسطين _yقرن 20. _vدوائر معارف. _2BUEsh |
|
| 651 | 7 |
_aفلسطين _xسياسة وحكومة _yالاحتلال الإسرائيلي، 1948 _vدوائر معارف. _2BUEsh |
|
| 653 |
_bBUSBOL _cJuly2017 |
||
| 655 | _vReading book | ||
| 700 | 1 |
_aغنيم، عادل حسن، _eمحرر. |
|
| 942 | _2ddc | ||
| 999 |
_c25050 _d25022 |
||